000 01126nam a2200229Ia 4500
003 Ost
005 20260507075528.0
008 260507s9999||||xx |||||||||||||| ||und||
020 _a9789931606895
040 _cfsecg
041 _aara
082 _a330.015 195
100 _aمطالس، عبد القادر
_eمؤلف
245 0 _aمبادئ الاحتمالات والاقتصاد القياسي /
_c عبد القادر مطالس
260 _aتلمسان:
_bالمكتب الجامعي الحديث,
_c2017
300 _a263 صفحة؛
_bإيضاحات ؛
_c24 سم
504 _aببليوغرافيا:ص.262
520 _aالتحليل التوفيقي -مفاهيم عامة حول الاحتمالات -الاحتمال الشرطي واستقلال الحوادث -المتغير العشوائي -التوزيعات المتقطعة الشهيرة -التوزيعات المستمرة الشهيرة -الانحدار الخطي البسيط -الانحدار الخطي المتعدد البسيط.
653 _aالاحتمالات
653 _aالاقتصاد القياسي
942 _cكتاب
999 _c44808
_d44808